Urban politics. 4 V. V1- Traditions and transition. V2- Power and political economy. V3- Institutions and governance. V4- Public and policies. (Record no. 151652)

MARC details
000 -LEADER
fixed length control field 00477nam a2200145Ia 4500
008 - FIXED-LENGTH DATA ELEMENTS--GENERAL INFORMATION
fixed length control field 230917s9999||||xx |||||||||||||| ||und||
040 ## - CATALOGING SOURCE
-- 182498
Original cataloging agency VIVEKANANDA LIBRARY
041 ## - Language
-- English
082 ## - DDC NUMBER
Classification number 320.85 U1U
100 ## - MAIN ENTRY--PERSONAL NAME
Personal name Davies, Jonathan S, ed.
245 #0 - TITLE STATEMENT
Title Urban politics. 4 V. V1- Traditions and transition. V2- Power and political economy. V3- Institutions and governance. V4- Public and policies.
260 ## - PUBLICATION, DISTRIBUTION, ETC. (IMPRINT)
Place of publication, distribution, etc London
Name of publisher, distributor, etc Sage Publications
Date of publication, distribution, etc 2010
300 ## - PHYSICAL DESCRIPTION
Pages v p.
942 ## - ADDED ENTRY ELEMENTS (KOHA)
Koha item type Books
Holdings
Withdrawn status Lost status Damaged status Not for loan Location (home branch) Sublocation or collection (holding branch) Date acquired Koha issues (times borrowed) Koha full call number Accession No. Koha date last seen Koha item type
        VIVEKANANDA LIBRARY VIVEKANANDA LIBRARY 08/04/2011   320.85 U1U 274157 17/09/2023 Books
        VIVEKANANDA LIBRARY VIVEKANANDA LIBRARY 08/04/2011   320.85 U1U 274158 17/09/2023 Books
        VIVEKANANDA LIBRARY VIVEKANANDA LIBRARY 08/04/2011   320.85 U1U 274159 17/09/2023 Books
        VIVEKANANDA LIBRARY VIVEKANANDA LIBRARY 08/04/2011   320.85 U1U 274160 17/09/2023 Books
© Designed and Maintained by Vivekananda Library, MDU Rohtak